Vocabulaire de la psychologie / (رقم التسجيلة. 158815)
[ عرض عادي ]
| 000 -LEADER | |
|---|---|
| fixed length control field | 00963cam a22002771 4500 |
| 008 - FIXED-LENGTH DATA ELEMENTS--GENERAL INFORMATION | |
| fixed length control field | 210126s1968 fr a 001 1 fre d |
| 040 ## - CATALOGING SOURCE | |
| Original cataloging agency | EG-GiCUC |
| Language of cataloging | fre |
| Transcribing agency | EG-GiCUC |
| 041 0# - LANGUAGE CODE | |
| Language code of text/sound track or separate title | fre |
| Language code of original | eng |
| 092 04 - LOCALLY ASSIGNED DEWEY CALL NUMBER (OCLC) | |
| Classification number | 150.3 |
| Item number | P619 1968 |
| Edition number | 21 |
| 099 ## - LOCAL FREE-TEXT CALL NUMBER (OCLC) | |
| Classification number | 04 |
| -- | 150.3 P619 1968 |
| 100 1# - MAIN ENTRY--PERSONAL NAME | |
| Personal name | Pie{u00B4}ron, Henri, |
| Dates associated with a name | 1881-1964. |
| 245 10 - TITLE STATEMENT | |
| Title | Vocabulaire de la psychologie / |
| Statement of responsibility, etc. | Henri Pie{u00B4}ron; Gustave Durup ; Franco̧is Besson. |
| 250 ## - EDITION STATEMENT | |
| Edition statement | 4. e{u00B4}dition, remanie{u00B4}e et augmente{u00B4}e |
| 260 ## - PUBLICATION, DISTRIBUTION, ETC. | |
| Place of publication, distribution, etc. | Paris : |
| Name of publisher, distributor, etc. | Presses universitaires de France , |
| Date of publication, distribution, etc. | 1968. |
| 300 ## - PHYSICAL DESCRIPTION | |
| Extent | xii , 575p : |
| Other physical details | ill ; |
| Dimensions | 25 cm. |
| 504 ## - BIBLIOGRAPHY, ETC. NOTE | |
| Bibliography, etc. note | Includes bibliographical references and index. |
| 650 #0 - SUBJECT ADDED ENTRY--TOPICAL TERM | |
| Topical term or geographic name entry element | Psychology |
| General subdivision | Dictionaries |
| -- | French. |
| 650 #0 - SUBJECT ADDED ENTRY--TOPICAL TERM | |
| Topical term or geographic name entry element | Psychology |
| General subdivision | Encyclopedias. |
| 700 1# - ADDED ENTRY--PERSONAL NAME | |
| Personal name | Bresson, Franco̧is |
| 700 1# - ADDED ENTRY--PERSONAL NAME | |
| Personal name | Durup, Gustave, |
| 902 ## - LOCAL DATA ELEMENT B, LDB (RLIN) | |
| No. of Items | 1 |
| 905 ## - LOCAL DATA ELEMENT E, LDE (RLIN) | |
| Cataloger | hanan |
| Reviser | Cat. |
| 905 ## - LOCAL DATA ELEMENT E, LDE (RLIN) | |
| Cataloger | Jihan |
| Reviser | Rev |
| 942 ## - ADDED ENTRY ELEMENTS (KOHA) | |
| Source of classification or shelving scheme | Dewey Decimal Classification |
| Koha item type | Books |
| Source of classification or shelving scheme | Not for loan | Home library | Current library | Date acquired | Full call number | Barcode | Date last seen | Copy number | Koha item type |
|---|---|---|---|---|---|---|---|---|---|
| Dewey Decimal Classification | المكتبة المركزبة الجديدة - جامعة القاهرة | قاعة الثقاقات الاجنبية - الدور الثالث | 11.02.2024 | 150.3 P619 1968 Ref Fre. | 01000110204610000 | 05.07.2024 | C.1 | Reference |